[Event "Kandidatklassen"]
[Site "DM2013"]
[Round "7"]
[White "Mogens Thuesen"]
[Black "Jakob Aabling-Thomsen"]
[Result "0-1"]
[Date "31.03.2013"]
[WhiteElo "2261"]
[BlackElo "2341"]
[Input "DGT1179"]
[Board "game_6"]

1.e4 d6 2.f4 Nf6 3.e5 dxe5 4.fxe5 Nd5 5.d4 Bf5 6.Nf3 e6 7.Bd3 Bxd3 8.Qxd3 
c5 9.O-O Be7 10.a3 cxd4 11.Qxd4 Qb6 12.Qxb6 Nxb6 13.Nbd2 Nc6 14.Ne4 O-O 
15.b3 Nd7 16.Bf4 b5 17.Rfd1 Rfd8 18.Nd6 Ndxe5 19.Nxb5 Nxf3+ 20.gxf3 a6 21.
Rxd8+ Rxd8 22.Nc7 Nd4 23.Kg2 a5 24.Ra2 Bf6 25.Bd2 Rc8 26.Bxa5 Nc6 27.Bb6 
Bd8 28.Nxe6 Bxb6 29.Nf4 Ra8 30.c3 Bc5 31.a4 Kf8 32.Nd5 Ne7 33.Nc7 Rc8 34.
Nb5 Nd5 35.Re2 Nf4+ 36.Kf1 Nxe2 37.Kxe2 Ke7 38.Kd3 Kd7 39.b4 Bg1 40.h3 Re8
41.a5 Re3+ 42.Kc4 Rxf3 43.Nd4 Bxd4 44.Kxd4 Kc6 0-1

[Event "Kandidatklassen"]
[Site "DM2013"]
[Round "7"]
[White "Jens Østergaard"]
[Black "Mads Hansen"]
[Result "0-1"]
[Date "31.03.2013"]
[WhiteElo "2273"]
[BlackElo "2309"]
[Input "DGT1182"]
[Board "game_7"]

1.d4 Nf6 2.Nf3 e6 3.c4 a6 4.Nc3 c5 5.e3 b6 6.Be2 Bb7 7.O-O d6 8.b3 Be7 9.
Bb2 O-O 10.Qd2 Nbd7 11.a3 Re8 12.Rfd1 Rc8 13.b4 Rc7 14.bxc5 bxc5 15.Na4 
Bc6 16.Qc2 Qa8 17.Bc3 Rb8 18.Ne1 Be4 19.Qa2 Qc6 20.dxc5 d5 21.Ba5 Rcb7 22.
Nb6 Nxc5 23.cxd5 exd5 24.f3 Bf5 25.Nd3 Bxd3 26.Bxd3 Rxb6 27.Bxb6 Rxb6 28.
Rab1 g6 29.Qc2 Kg7 30.Bf1 Bd6 31.Qc3 Na4 32.Qa5 Rxb1 33.Rxb1 Qc2 34.Re1 
Bc5 35.Qxa6 Qc3 36.Qe2 Nb2 37.Kh1 Qxa3 38.Rb1 Na4 39.Qd3 Qxd3 40.Bxd3 Bxe3
41.Ra1 Nc5 42.Bb5 Nfd7 43.Ra7 Ne5 44.Be8 d4 45.g3 d3 46.Kg2 Nb3 47.Ra8 d2 
48.Rd8 Bd4 0-1

[Event "Kandidatklassen"]
[Site "DM2013"]
[Round "7"]
[White "Martin Matthiesen"]
[Black "Peter Thorsbro"]
[Result "*"]
[Date "31.03.2013"]
[WhiteElo "2271"]
[BlackElo "2226"]
[Input "DGT1181"]
[Board "game_8"]

1.d4 d5 2.c4 c6 3.Nf3 e6 4.Nc3 Nf6 5.Bg5 Nbd7 6.e3 Qa5 7.Nd2 Bb4 8.Qc2 O-O
9.Be2 Re8 10.O-O dxc4 11.Bxf6 Nxf6 12.Nxc4 Qd8 13.Rac1 Bd6 14.Rfd1 Bb8 15.
Bf3 Qe7 16.e4 c5 17.d5 exd5 18.exd5 Bg4 19.Qd3 Bf4 20.Ra1 Qd7 21.a4 Rad8 
22.g3 Bf5 23.Qf1 Bg5 24.Re1 h5 25.h4 Bh6 26.Ne5 Qd6 27.Nc4 Qd7 28.Ne5 Qc7 
29.Nb5 Qb8 30.d6 Re6 31.Qc4 Nd7 32.Nxf7 Kxf7 33.Bd5 Nf8 34.Re5 g6 35.Rxf5+
gxf5 36.Bxe6+ Nxe6 37.Qd5 Kf6 38.Re1 Ng7 39.Re7 Kg6 40.Qf7+ Kh7 41.Qxf5+ 
Kg8 42.Qg6 Qc8 43.Qxh6 Qg4 44.Nc7 Rf8 45.Rxg7+ Qxg7 46.Qxg7+ Kxg7 47.Ne6+ 
Kf7 48.Nxf8 Kxf8 49.g4 1-0

[Event "Kandidatklassen"]
[Site "DM2013"]
[Round "7"]
[White "Niels Nørskov"]
[Black "Thomas Schou-Moldt"]
[Result "1-0"]
[Date "31.03.2013"]
[WhiteElo "2261"]
[BlackElo "2229"]
[Input "DGT5654"]
[Board "game_9"]

1.e4 d6 2.d4 Nf6 3.Nc3 g6 4.Nf3 Bg7 5.Be2 O-O 6.O-O c6 7.h3 b5 8.e5 Ne8 9.
Ne4 Be6 10.a4 Bd5 11.Bd3 a6 12.Bf4 Ra7 13.Re1 Rd7 14.Qe2 Qb6 15.c3 Bb3 16.
Qe3 Nc7 17.Bh6 f6 18.Bxg7 Kxg7 19.exf6+ exf6 20.Qf4 Nd5 21.Qg3 Qd8 22.axb5
axb5 23.Nfd2 Bc4 24.Nxc4 bxc4 25.Bxc4 Qb6 26.Nxd6 Qxb2 27.Ne4 Re7 28.Reb1 
Qxa1 29.Rxa1 Rxe4 30.Bxd5 cxd5 31.Ra7+ 1-0

[Event "Kandidatklassen"]
[Site "DM2013"]
[Round "7"]
[White "Jesper Søndergaard Thybo"]
[Black "Thomine Stolberg-Rohr"]
[Result "0-1"]
[Date "31.03.2013"]
[WhiteElo "2062"]
[BlackElo "2044"]
[Input "DGT5655"]
[Board "game_10"]

1.e4 g6 2.d4 Bg7 3.Nc3 d6 4.Be3 a6 5.h4 h5 6.Nh3 Bxh3 7.Rxh3 Nd7 8.Qd2 
Ngf6 9.f3 b5 10.d5 Nb6 11.a4 b4 12.Na2 a5 13.Bb5+ Nfd7 14.c3 bxc3 15.Nxc3 
O-O 16.Rc1 Ne5 17.Ne2 e6 18.dxe6 fxe6 19.Nd4 Qe7 20.Nc6 Qf7 21.Nxa5 d5 22.
Nc6 Nec4 23.Qf2 Nxe3 24.Qxe3 Bxb2 25.Rc2 Bg7 26.a5 Nd7 27.Kf1 Kh7 28.exd5 
exd5 29.Bd3 Rae8 30.Qg5 Bh6 31.Qxh5 Nf6 32.Ne5 Nxh5 33.Nxf7 Rxf7 34.Rh1 
Ng3+ 35.Kg1 Re1+ 36.Kf2 Rxh1 37.Kxg3 Bf4+ 38.Kg4 Ra1 39.h5 Kg7 40.hxg6 Rf8
41.a6 Bd6 42.Rb2 Ra4+ 43.Kh5 Be7 0-1

[Event "Kandidatklassen"]
[Site "DM2013"]
[Round "7"]
[White "Martin Haubro"]
[Black "Mads-Holger Bang Jacobsen"]
[Result "1/2-1/2"]
[Date "31.03.2013"]
[WhiteElo "2186"]
[BlackElo "2026"]
[Input "DGT5655"]
[Board "game_10"]

1.e4 c5 2.Nf3 e6 3.Qe2 Nc6 4.c3 d5 5.d3 Be7 6.g3 dxe4 7.dxe4 e5 8.Bg2 Nf6 
9.O-O O-O 10.Na3 Ne8 11.Nc4 f6 12.Rd1 Qc7 13.Ne3 Bd6 14.Nd5 Qf7 15.Nd2 Ne7
16.Nc4 Nxd5 17.exd5 b6 18.a4 Ba6 19.a5 Bxc4 20.Qxc4 Nc7 21.a6 f5 22.b4 e4 
23.bxc5 Bxc5 24.Bf4 Rad8 25.Bxc7 Qxc7 1/2-1/2

[Event "Kandidatklassen"]
[Site "DM2013"]
[Round "7"]
[White "Henrik E. Bruun"]
[Black "Peter Willer Svendsen"]
[Result "1-0"]
[Date "31.03.2013"]
[WhiteElo "2047"]
[BlackElo "2027"]
[Input "DGT5655"]
[Board "game_10"]

1.d4 d5 2.c4 c6 3.cxd5 cxd5 4.Bf4 Nf6 5.Nc3 Nc6 6.e3 g6 7.Nf3 Bg7 8.Ne5 
O-O 9.Rc1 Qb6 10.Qd2 Be6 11.Bd3 Nh5 12.Nxc6 bxc6 13.Na4 Qb7 14.Nc5 Qc8 15.
Ba6 Qd8 16.Nxe6 fxe6 17.Rxc6 Nxf4 18.exf4 Rb8 19.O-O Rb6 20.Rfc1 Qb8 21.
Rc8 Rxb2 22.Qe3 Qb6 23.R1c6 Qxd4 24.Qxe6+ Kh8 25.Rxf8+ Bxf8 26.Be2 Rxa2 
27.g3 a5 28.Qf7 Qg7 29.Qe6 Ra1+ 30.Kg2 Re1 31.Rc8 Qg8 32.Qe5+ Qg7 33.Rxf8#
1-0

[Event "Kandidatklassen"]
[Site "DM2013"]
[Round "7"]
[White "Rasmus Thøgersen"]
[Black "Simon Wilbrandt"]
[Result "1/2-1/2"]
[Date "31.03.2013"]
[WhiteElo "1953"]
[BlackElo "2046"]
[Input "DGT5655"]
[Board "game_10"]

1.e4 d6 2.d4 Nf6 3.Nc3 Nbd7 4.Nf3 e5 5.Bc4 Be7 6.O-O O-O 7.Re1 c6 8.a4 b6 
9.Bg5 Bb7 10.Qe2 a6 11.Bb3 Qc7 12.Red1 b5 13.d5 b4 14.dxc6 Bxc6 15.Bxf6 
Bxf6 16.Nd5 Qb7 17.Nd2 Rad8 18.Nc4 Qb8 19.Na5 Bxd5 20.Bxd5 Rc8 21.Nc6 Qb6 
22.a5 Qc5 23.Qxa6 Qxc2 24.Rac1 Nc5 25.Qxc8 Qxd1+ 26.Rxd1 Rxc8 27.Nxb4 Na4 
28.b3 Nc3 29.Ra1 Bd8 30.Nc6 Kf8 31.b4 Ke8 32.a6 Nxd5 33.exd5 Ra8 34.a7 Kd7
35.Kf1 Bb6 36.Ke2 Kc7 37.f3 Kb7 38.Kd3 Bxa7 39.f4 exf4 40.Ra2 Bb6 41.Rxa8 
Kxa8 42.Ke4 Kb7 43.Ne7 g6 44.Kxf4 Bd8 45.Nc6 Bf6 46.g4 h6 47.Ke4 Kb6 48.
Na5 Kb5 49.Nb7 Be7 50.Na5 Bd8 51.Nc6 Bf6 52.Kd3 h5 53.gxh5 gxh5 54.h3 h4 
55.Ke4 Kc4 56.b5 Kxb5 57.Kf5 Bc3 58.Ne7 Kc5 59.Ke4 Be5 60.Nf5 Bf6 61.Ne3 
Bd8 62.Nf5 Bg5 1/2-1/2